000 01296cam a2200217 4500
001 WB@3612-890
008 041215n2004 000 0 eng u
035 _a(Sirsi) u128319
245 _aWaste management policy statement
260 _c2004
490 _aODPM News Release
_v(2004/0298) 6 December 2004 (2)
520 _a"PPS10: planning for sustainable waste management" has been published in draft form. It aims to deliver a better match between the waste that communities generate and the facilities needed to manage it. Regional planning bodies and authorities must deliver sustainable development by driving waste management up the waste hierarchy and looking on waste as a resouce. The draft policy statement also provides the framework for setting a long-term vision for 15-20 years ahead as well as a short-term detailed plan of action. The consultation ends on 11 March 2005 and is available from: http://www.odpm.gov.uk/stellent/groups/odpm_contro l/documents/contentservertemplate/odpm_index.hcst? n=5609&l=2. http://www.odpm.gov.uk/pns/displaypn.cgi?pn_id=200 4_0298
590 _aWB
590 _aWB
650 _aLOCAL AUTHORITIES
650 _aWASTE MANAGEMENT SITES
650 _aPPS10
650 _aPLANNING GUIDANCE
690 _aWASTE MANAGEMENT
942 _n0
999 _c118453
_d118453